000 00386nam a2200121Ia 4500
008 220615s9999||||xx |||||||||||||| ||und||
245 0 _aCitizens and Groups in Contemporary China
546 _aEnglish[eng]
650 _aSociology and anthropology
700 _aFalkenheim, Victor C.
856 _uhttps://library.oapen.org/bitstream/20.500.12657/41838/1/9780472901845.pdf
942 _cEB
999 _c16791
_d16791